000 00799nam a22002897a 4500
001 BR0002376
003 BR-BrBNA
005 20230928100600.0
007 ta
008 230509b bl.||||| |||| 00| 0 por d
040 _aBR-BrBNA
_bpor
_cBiblioteca Nacional de Agricultura
041 _a(Por)
072 _aC20
090 _ C20 BR0002376
100 1 _aTeixeira, M. do C.C.
110 1 _aUniversidade Federal de Vicosa, MG (Brasil)
_0Tese (Magister Scientiae)
245 1 _aExperiencia do CTA-ZM: analise de uma intervensao
260 3 _aVicosa, MG (Brasil):
_c1994.
300 _a85 p.
500 _aSummry (Por); 33 ref.
650 _aExtensao Rural
650 _aTreinamento
650 _aAprendizagem
650 _aCurso
909 _a202309
_bLucia
_c55
_dLucia Elande
942 _cBK
999 _c61910
_d61910